Score 0/24 Timer 05:00
2 Plays Today
% Correct
Scotland
87.9%
Scotland
87.3%
Scotland
83.5%
Scotland
83.1%
Scotland
77.7%
Scotland
77.6%
Scotland
75.6%
Scotland
72.5%
Scotland
72.5%
Scotland
70.4%
Nova Scotia
67.5%
Scotland
67%
% Correct
Nova Scotia
63.1%
Nova Scotia
61.1%
Nova Scotia
61.1%
Nova Scotia
60.3%
Scotland
59.2%
Nova Scotia
58.2%
Nova Scotia
56.9%
Nova Scotia
56.2%
Nova Scotia
55.3%
Nova Scotia
53%
Nova Scotia
51.1%
Nova Scotia
50.7%
Remove Ads.
Support Sporcle.
Get the best of Sporcle when you Go Orange. This ad-free experience offers more features, more stats, and more fun while also helping to support Sporcle. Thank you for becoming a member.

You're not logged in!

Compare scores with friends on all Sporcle quizzes.
OR
Log In

Sporcle TV

Today on Sporcle TV


Watch our educational content, quiz creation guides, and fun videos on Sporcle TV.

Show Comments

Extras

Top Quizzes Today


Score Distribution

Paid Content

Your Account Isn't Verified!

In order to create a playlist on Sporcle, you need to verify the email address you used during registration. Go to your Sporcle Settings to finish the process.

Report this User

Report this user for behavior that violates our Community Guidelines.

Details: